000
00283nam a2200121Ia 4500
008
191201s2016 xx 000 0 und d
100
_a
TALUKDER, Ashoke K
245
0
_a
Mobile Computing
260
_a
N. Delhi
_b
TMH
_c
2016
300
_a
627
650
_a
M.Tech (ECE)
942
_2
ddc
_c
BK
999
_c
6684
_d
6684